Normal view
MARC view
- الديمقراطية -الاقتصاد
Entry Topical Term
001 - CONTROL NUMBER
- control field: 56684
003 - CONTROL NUMBER IDENTIFIER
- control field: JO-AjAnu
005 - DATE AND TIME OF LATEST TRANSACTION
- control field: 20230606083304.0
008 - FIXED-LENGTH DATA ELEMENTS
- fixed length control field: 230606|| aca||aabn | a|a d
040 ## - CATALOGING SOURCE
- Original cataloging agency: JO-AjAnu
- Transcribing agency: JO-AjAnu
150 ## - HEADING--TOPICAL TERM
- Topical term or geographic name entry element: الديمقراطية -الاقتصاد
670 ## - SOURCE DATA FOUND
- Source citation: Work cat.: (JO-AjAnu)28925: فاوت، سايمون ... واخرون ؛ ترجمة خليل عبد الحميد عياش, author 56683, كتاب قراءة الديمقراطية الاجتماعية 2 : الاقتصاد والديمقراطية الاجتماعية